=LDR 00000nam 2200000 4500 =001 INLIS000000000039653 =005 20130612145252 =008 ***********************************Ind** =035 ##$$0010-061300000039653 =041 ##$$a Ind =082 ##$$a 028.5 =090 ##$$a 028.5, Dam t =245 ##$$a Travel Back in time with Tony Wolf the romans, edisi dwibahasa Inggris-Indonesia =260 ##$$a 2010 $b Jakarta =300 ##$$a 8 hlm, ilus, 35 cm =650 ##$$a Travel Back =850 ##$$a NBPNMAT =990 ##$$a 0001/BPAP-NTB/2015